000 01513cam a22002654a 4500
001 13560553
005 20260107093327.0
008 040415s2004 mau b 001 0 eng
010 _a 2004008267
020 _a9780631214526
020 _a0631214526
042 _apcc
082 _a327.101 SLA
100 1 _aSlater, David
245 1 0 _aGeopolitics and the post-colonial :
_brethinking North-South relations /
_cDavid Slater.
260 _aMalden :
_bBlackwell Publishing,
_c2004.
300 _ax, 286 p. ;
_c24 cm.
505 0 _aConceptual and historical issues -- For a post-colonial geopolitics -- Emerging empire and the civilizing powers of intervention -- Waves of Western theory -- Modernizing the other and the three worlds of development -- The rise of neo-liberalism and the expansion of Western power -- Archipelagos of critical thinking -- Societies of insurgent theory: the dependentistas write back -- Exploring other zones of difference: from the post-modern to the post-colonial -- Geopolitics in a globalizing world -- Post-colonial questions for global times -- 'Another world is possible' - on social movements, the zapatistas and the dynamics of 'globalization from below' -- Conclusions: beyond the imperiality of knowledge.
650 0 _aInternational relations.
650 0 _aGeopolitics.
650 0 _aPostcolonialism.
650 0 _aWorld politics
_y20th century.
856 4 1 _3Table of contents
_uhttp://www.loc.gov/catdir/toc/ecip0417/2004008267.html
942 _2ddc
_cBK
999 _c112269
_d112269